|
|
|
|
| LEADER |
00000cam a2200000 4500 |
| 001 |
vtls012254948 |
| 003 |
SK-MaSNL |
| 005 |
20260425230252.0 |
| 008 |
240418s2023 xo dkalgrn 000 0 slo |
| 015 |
|
|
|a SNBA2024/05
|
| 020 |
|
|
|a 9788055226910
|q (brožované)
|
| 040 |
|
|
|a SNK
|b slo
|c SNK
|e rda
|
| 041 |
0 |
|
|a slo
|
| 043 |
|
|
|a e-xo---
|
| 044 |
|
|
|a xo
|c SK
|
| 072 |
|
7 |
|a 334
|x Formy organizácie a spolupráce v ekonomike
|2 konspekt
|
| 080 |
|
|
|a 334.722.24
|2 2011
|
| 080 |
|
|
|a 334.012.63/.64
|2 2011
|
| 080 |
|
|
|a 316.4.051.63
|2 2011
|
| 080 |
|
|
|a (437.6)
|2 2011
|
| 080 |
|
|
|a (048.8)
|2 2011
|
| 100 |
1 |
|
|a Lušňáková, Zuzana,
|d 1981-
|4 aut
|9 185701
|
| 245 |
1 |
0 |
|a Faktory úspešnosti procesu nástupníctva mikro, malých a stredných rodinných podnikov na Slovensku
|b kvalitatívne a kvantitatívne prístupy k analýze a riešeniam
|c Zuzana Lušňáková, Zuzana Juríčková, Renáta Benda Prokeinová
|
| 250 |
|
|
|a Vydanie prvé
|
| 264 |
|
1 |
|a Nitra
|b Slovenská poľnohospodárska univerzita v Nitre
|c 2023
|
| 300 |
|
|
|a 61 strán
|b grafy, schémy, tabuľky
|c 24 cm
|
| 336 |
|
|
|a text
|b txt
|2 rdacontent
|
| 337 |
|
|
|a bez média
|b n
|2 rdamedia
|
| 338 |
|
|
|a zväzok
|b nc
|2 rdacarrier
|
| 366 |
|
|
|e 100 kusov
|
| 500 |
|
|
|a Na obálke pod názvom: SPU FEM Fakulta ekonomiky a manažmentu
|
| 500 |
|
|
|a Obsahuje zoznam obrázkov a zoznam tabuliek
|
| 504 |
|
|
|a Obsahuje bibliografiu na strane 54-61 a bibliografické odkazy
|
| 650 |
0 |
7 |
|a rodinné podniky
|2 SNKPH
|9 2194
|
| 650 |
0 |
7 |
|a malé a stredné podniky
|2 SNKPH
|9 83383
|
| 650 |
0 |
7 |
|a medzigeneračné vzťahy
|2 SNKPH
|9 4897
|
| 650 |
0 |
7 |
|a Family business enterprises
|2 SNKPHeng
|9 315826
|
| 650 |
0 |
7 |
|a Small and medium-sized enterprises
|2 SNKPHeng
|9 314790
|
| 650 |
0 |
7 |
|a Intergenerational relations
|2 SNKPHeng
|9 402247
|
| 650 |
0 |
7 |
|a nástupníctvo
|2 SNKPH
|9 420545
|
| 651 |
|
7 |
|a Slovensko
|2 SNKPHgeo
|9 14231
|
| 651 |
|
7 |
|a Slovakia
|2 SNKPHeng
|9 92630
|
| 655 |
|
7 |
|a monografie
|2 SNKPH
|9 70139
|
| 655 |
|
7 |
|a Monographs
|2 SNKPHeng
|9 120675
|
| 700 |
1 |
|
|a Juríčková, Zuzana,
|d 1967-
|4 aut
|9 199557
|
| 700 |
1 |
|
|a Benda Prokeinová, Renáta,
|d 1982-
|4 aut
|9 368506
|
| 700 |
1 |
|
|a Hudáková, Monika
|4 rev
|9 26650
|
| 700 |
1 |
|
|a Tóth, Ján
|4 rev
|9 272879
|
| 710 |
2 |
|
|a Slovenská poľnohospodárska univerzita v Nitre.
|b Fakulta ekonomiky a manažmentu
|4 pbl
|9 177398
|
| 852 |
|
|
|a Slovenská národná knižnica
|
| 919 |
|
|
|a 978-80-552-2691-0
|
| 954 |
|
|
|a odborná, vedecká literatúra pôvodná (slovenská)
|2 lita
|
| 958 |
|
|
|a NB
|
| 999 |
|
|
|c 671102
|d 673032
|
| 952 |
|
|
|a SNK
|b SNK
|y PREZ
|7 0
|p 17A1546823
|o snkSC 206163
|i snk2024/6766
|8 0
|0 0
|1 0
|4 0
|d 2024-04-26
|l 0
|r 2025-10-29 00:00:00
|w 2026-02-23
|
| 952 |
|
|
|a SNK
|b SNK
|y VYP
|7 0
|p 17A1546822
|o snkSC 206163 D1
|i snk2024/6767
|8 3
|g 3.00
|0 0
|1 0
|4 0
|d 2024-04-26
|l 0
|r 2026-02-23 19:26:04
|w 2026-02-23
|